000 00310nam a22001337a 4500
008 170215b xxu||||| |||| 00| 0 eng d
020 _a9780071464031
041 _aeng
080 _24TH
_a61
100 _a4
101 _aSHM
245 _aCLINICAL VIGNETTES FOR THE USMLE STEP 2 CK
_cHILL, M
942 _2udc
_cBK
999 _c5534
_d5534